| Tag |
First Indicator |
Second Indicator |
Subfields |
| LEADER |
00000cam a2200000 4500 |
| 001 |
in00003463521 |
| 005 |
20151206104255.0 |
| 008 |
780812s1935 xx 00000 eng d |
| 035 |
|
|
|a (OCoLC)ocm04130835
|
| 040 |
|
|
|a APL
|c APL
|d TNY
|d UtOrBLW
|
| 090 |
|
|
|a PN4305.C5
|b S55
|
| 092 |
|
|
|a 808.83C
|b Sh6s
|
| 100 |
1 |
|
|a Shipman, Dorothy Middlebrook.
|
| 245 |
1 |
4 |
|a The star Christmas book :
|b containing recitations, songs, drills, plays, and complete programs /
|c by Dorothy Middlebrook Shipman and others.
|
| 264 |
|
1 |
|a Chicago :
|b Dramatic pub. co.,
|c [1935]
|
| 264 |
|
4 |
|c ©1935
|
| 300 |
|
|
|a 162 pages ;
|c 19 cm.
|
| 336 |
|
|
|a text
|b txt
|2 rdacontent
|
| 337 |
|
|
|a unmediated
|b n
|2 rdamedia
|
| 338 |
|
|
|a volume
|b nc
|2 rdacarrier
|
| 650 |
|
0 |
|a Christmas.
|
| 999 |
|
|
|a MARS
|
| 999 |
f |
f |
|s c7d57ba2-454d-3ccc-b4bb-d477ef2bd89c
|i c44b376e-28ba-3003-a25c-df89d38abd70
|t 0
|
| 952 |
f |
f |
|p ric
|a Texas A&M University
|b Rellis Campus
|c Joint Library Facility
|d Remote Storage
|t 0
|e PN4305.C5 S55
|h Library of Congress classification
|i unmediated -- volume
|m 32060000704987
|
| 998 |
f |
f |
|a PN4305.C5 S55
|t 0
|l Remote Storage
|